[Event "Uelzen Uhlenkoeper op"]
[Site "Uelzen"]
[Date "2024.12.28"]
[Round "4"]
[White "Ritter, Uwe"]
[Black "Askerov, Imamali"]
[Result "0-1"]
[WhiteElo "1898"]
[BlackElo "2007"]
[PlyCount "112"]
[EventDate "2024.12.27"]
[EventType "swiss"]
[EventRounds "9"]
[EventCountry "GER"]
[SourceTitle "CB01_2025"]
[SourceDate "2025.01.01"]
[SourceVersion "1"]
[SourceVersionDate "2025.01.01"]
[SourceQuality "1"]

1. Nf3 Nf6 2. c4 c5 3. Nc3 e6 4. d4 cxd4 5. Nxd4 a6 6. g3 Qc7 7. Bg2 Qxc4 8. Bg5 Nc6 9. Nb3 Bb4 10. Rc1 Ne4 11. Nd2 Bxc3 12. bxc3 Nxd2 13. Qxd2 d5 14. 0-0 0-0 15. Rfe1 f5 16. Bf1 Qc5 17. Be3 Qa5 18. c4 Qxd2 19. Bxd2 dxc4 20. Rxc4 e5 21. Rb1 Be6 22. Rc5 Rf7 23. e4 fxe4 24. a4 Rd8 25. Be3 Nd4 26. Rb6 Ba2 27. Kg2 Nf3 28. Be2 h6 29. Rb4 Bd5 30. Rxd5 Rxd5 31. Bc4 Ne1+ 32. Kh3 Nd3 33. Rxb7 Rxb7 34. Bxd5+ Rf7 35. Kg4 g6 36. h4 Kg7 37. Bxf7 Kxf7 38. h5 Kf6 39. hxg6 Kxg6 40. a5 Ne1 41. Bb6 Nf3 42. Kh3 Ng5+ 43. Kg2 Kf5 44. Kf1 h5 45. Ke2 Ke6 46. Ke3 Kd5 47. Bd8 Ne6 48. Bb6 Ng7 49. Ke2 Nf5 50. Be3 Nd4+ 51. Kd1 Kc4 52. Bg5 Kd3 53. Bd2 Nf5 54. Be1 e3 55. f3 e2+ 56. Kc1 Nd4 0-1

[Event "Uelzen Uhlenkoeper op"]
[Site "Uelzen"]
[Date "2024.12.27"]
[Round "2"]
[White "Ritter, Uwe"]
[Black "Stopa, Jacek"]
[Result "0-1"]
[WhiteElo "1898"]
[BlackElo "2323"]
[PlyCount "60"]
[EventDate "2024.12.27"]
[EventType "swiss"]
[EventRounds "9"]
[EventCountry "GER"]
[SourceTitle "CB01_2025"]
[SourceDate "2025.01.01"]
[SourceVersion "1"]
[SourceVersionDate "2025.01.01"]
[SourceQuality "1"]

1. Nf3 Nf6 2. d4 b6 3. g3 Bb7 4. Bg2 g6 5. 0-0 Bg7 6. c4 0-0 7. Nc3 Ne4 8. Nxe4 Bxe4 9. b3 e6 10. Bb2 a5 11. a3 d6 12. Qd2 Nd7 13. Ne1 Bxg2 14. Nxg2 Qe7 15. e4 Rfd8 16. f4 e5 17. dxe5 dxe5 18. Qc3 Nc5 19. Qc2 Nd3 20. f5 Qc5+ 21. Kh1 Bh6 22. Bc3 a4 23. h3 axb3 24. Qxb3 Nf2+ 25. Kh2 Nxe4 26. Bb4 Nd2 27. Bxd2 Rxd2 28. Qf3 Rf8 29. Qe4 Rd4 30. Qf3 Qxc4 0-1

[Event "Rhein Main op-B 25th"]
[Site "Bad Homburg"]
[Date "2023.06.08"]
[Round "3"]
[White "Joshi, Kanad"]
[Black "Ritter, Uwe"]
[Result "0-1"]
[WhiteElo "1093"]
[BlackElo "1872"]
[PlyCount "46"]
[EventDate "2023.06.07"]
[EventType "swiss"]
[EventRounds "7"]
[EventCountry "GER"]
[SourceTitle "CBM 215 Extra"]
[Source "ChessBase"]
[SourceDate "2023.09.30"]
[SourceVersion "1"]
[SourceVersionDate "2023.09.30"]
[SourceQuality "1"]

1. c4 Nf6 2. Nc3 c5 3. g3 d5 4. cxd5 Nxd5 5. Bg2 e6 6. e3 Nb4 7. Bf1 Nd3+ 8. Bxd3 Qxd3 9. Nge2 Nc6 10. a3 e5 11. f4 Bg4 12. 0-0 h5 13. fxe5 Nxe5 14. Qa4+ Bd7 15. Qb3 Bc6 16. Nf4 Qd7 17. Nfd5 c4 18. Qc2 Bxd5 19. e4 Bc5+ 20. Kh1 Bc6 21. b4 cxb3 22. Qxb3 Qd3 23. Bb2 Bxe4+ 0-1

[Event "Stein am Rhien op 14th"]
[Site "Stein am Rhien"]
[Date "2023.04.30"]
[Round "5"]
[White "Hofmann, Lorenz"]
[Black "Ritter, Uwe"]
[Result "1-0"]
[WhiteElo "2066"]
[BlackElo "1848"]
[PlyCount "41"]
[EventDate "2023.04.28"]
[EventType "swiss"]
[EventRounds "5"]
[EventCountry "SUI"]
[SourceTitle "CBM 214 Extra"]
[Source "ChessBase"]
[SourceDate "2023.07.31"]
[SourceVersion "1"]
[SourceVersionDate "2023.07.31"]
[SourceQuality "1"]

1. e4 e5 2. Nf3 Nc6 3. Bc4 Bc5 4. c3 Nf6 5. d3 d6 6. a4 a6 7. Bb3 Ba7 8. 0-0 Qe7 9. Re1 h6 10. Nbd2 Be6 11. Bc2 Ng4 12. Re2 f5 13. exf5 Bxf5 14. d4 Bxc2 15. Qxc2 Qf7 16. h3 Nxf2 17. Rxf2 0-0 18. Nb3 Qd5 19. Be3 Rae8 20. c4 Qf7 21. Nxe5 1-0

[Event "Stein am Rhien op 14th"]
[Site "Stein am Rhien"]
[Date "2023.04.29"]
[Round "3"]
[White "Cofman, Veaceslav"]
[Black "Ritter, Uwe"]
[Result "1-0"]
[WhiteElo "2309"]
[BlackElo "1848"]
[PlyCount "53"]
[EventDate "2023.04.28"]
[EventType "swiss"]
[EventRounds "5"]
[EventCountry "SUI"]
[SourceTitle "CBM 214 Extra"]
[Source "ChessBase"]
[SourceDate "2023.07.31"]
[SourceVersion "1"]
[SourceVersionDate "2023.07.31"]
[SourceQuality "1"]

1. d4 d5 2. c4 e6 3. Nf3 Nf6 4. g3 Be7 5. Bg2 0-0 6. 0-0 Nbd7 7. Nbd2 c6 8. Qc2 b6 9. e4 Bb7 10. e5 Ne8 11. cxd5 cxd5 12. Nb1 Rc8 13. Qd2 Nc7 14. Nc3 Ba6 15. Re1 b5 16. Ne2 Na8 17. b3 Qc7 18. Qf4 Qc2 19. Bd2 Rfd8 20. Qg4 Qg6 21. Qh3 h6 22. Nf4 Qf5 23. Qxf5 exf5 24. Nxd5 Ba3 25. b4 Kf8 26. Nf4 g5 27. e6 1-0

[Event "Stein am Rhien op 14th"]
[Site "Stein am Rhien"]
[Date "2023.04.29"]
[Round "2"]
[White "Ritter, Uwe"]
[Black "Leibundgut, Robin"]
[Result "1-0"]
[WhiteElo "1848"]
[BlackElo "1444"]
[PlyCount "65"]
[EventDate "2023.04.28"]
[EventType "swiss"]
[EventRounds "5"]
[EventCountry "SUI"]
[SourceTitle "CBM 214 Extra"]
[Source "ChessBase"]
[SourceDate "2023.07.31"]
[SourceVersion "1"]
[SourceVersionDate "2023.07.31"]
[SourceQuality "1"]

1. e4 c6 2. Nc3 d5 3. Nf3 dxe4 4. Nxe4 Nf6 5. Qe2 Nxe4 6. Qxe4 e6 7. Bc4 Nd7 8. 0-0 Nf6 9. Qe2 Bd6 10. d4 Bd7 11. Ne5 0-0 12. Bg5 Be7 13. Rad1 h6 14. Bc1 Qc7 15. Rd3 c5 16. Rg3 Kh8 17. Bf4 Bd6 18. Bxh6 gxh6 19. Qd2 Ng8 20. Rh3 Bxe5 21. dxe5 Rfd8 22. Rxh6+ Nxh6 23. Qxh6+ Kg8 24. Bd3 Be8 25. Bh7+ Kh8 26. Bg6+ Kg8 27. Bh7+ Kh8 28. Re1 Qa5 29. Bd3+ Kg8 30. Re3 f5 31. Rg3+ Bg6 32. Rxg6+ Kf7 33. Qh7+ 1-0

[Event "San Bernardino Spring op"]
[Site "San Bernardino"]
[Date "2021.05.08"]
[Round "2"]
[White "Ritter, Uwe"]
[Black "Mitschka, Manfred"]
[Result "1-0"]
[WhiteElo "1964"]
[BlackElo "1691"]
[PlyCount "73"]
[EventDate "2021.05.07"]
[EventType "swiss"]
[EventRounds "5"]
[EventCountry "SUI"]
[SourceTitle "EXT 2022"]
[Source "ChessBase"]
[SourceDate "2021.10.06"]
[SourceVersion "1"]
[SourceVersionDate "2021.10.06"]
[SourceQuality "1"]

1. e4 e6 2. d4 d5 3. Nd2 Nf6 4. e5 Nfd7 5. Bd3 c5 6. c3 Nc6 7. Ne2 a6 8. 0-0 b5 9. Nf3 Be7 10. Ng3 g6 11. Bh6 Bf8 12. Qd2 Bxh6 13. Qxh6 Qe7 14. h4 Qf8 15. Qe3 h6 16. Nh2 Bb7 17. h5 c4 18. Bc2 Ne7 19. hxg6 fxg6 20. Ne2 Nf5 21. Qh3 Qg7 22. g4 Ne7 23. f4 a5 24. Ng3 Rf8 25. Rf2 Bc8 26. Nhf1 Rf7 27. Ne3 Nf8 28. Raf1 Qh7 29. f5 gxf5 30. gxf5 exf5 31. Nexf5 Nxf5 32. Nxf5 Bxf5 33. Bxf5 Rg7+ 34. Kh2 Qg8 35. Bg4 Ng6 36. Be6 Qh8 37. Bf7+ 1-0

[Event "Ascona op 14th"]
[Site "Ascona"]
[Date "2021.03.28"]
[Round "4"]
[White "Ritter, Uwe"]
[Black "Gut, Lionel"]
[Result "1-0"]
[WhiteElo "2011"]
[BlackElo "1748"]
[PlyCount "71"]
[EventDate "2021.03.26"]
[EventType "swiss"]
[EventRounds "5"]
[EventCountry "SUI"]
[SourceTitle "CBM 202 Extra"]
[Source "ChessBase"]
[SourceDate "2021.07.31"]
[SourceVersion "1"]
[SourceVersionDate "2021.07.31"]
[SourceQuality "1"]

1. e4 c5 2. Nf3 e6 3. Nc3 a6 4. g3 g6 5. Bg2 Bg7 6. d3 Nc6 7. Be3 b6 8. Qd2 Bb7 9. d4 cxd4 10. Nxd4 b5 11. a4 bxa4 12. 0-0 Nge7 13. Nxc6 Nxc6 14. Bc5 Ne7 15. Rfd1 Bc6 16. Nxa4 Rb8 17. Qd6 Rb7 18. Bd4 Nc8 19. Qxc6 dxc6 20. Bxg7 Qe7 21. Bxh8 e5 22. Bg7 f6 23. Bh6 g5 24. Bf3 Qf7 25. b3 Ne7 26. Nc5 Ra7 27. Rxa6 Rxa6 28. Nxa6 Qg6 29. Nc7+ Kf7 30. Rd8 Qxh6 31. Bg4 Qg6 32. Be6+ Kg7 33. f3 c5 34. Re8 g4 35. Rxe7+ Kh6 36. Bd5 1-0

[Event "Lugano Special Edition op 19th"]
[Site "Lugano"]
[Date "2021.03.14"]
[Round "5"]
[White "Schnell, Simon"]
[Black "Ritter, Uwe"]
[Result "1-0"]
[WhiteElo "1665"]
[BlackElo "2011"]
[PlyCount "107"]
[EventDate "2021.03.12"]
[EventType "swiss"]
[EventRounds "5"]
[EventCountry "SUI"]
[SourceTitle "CBM 201 Extra"]
[Source "ChessBase"]
[SourceDate "2021.05.31"]
[SourceVersion "1"]
[SourceVersionDate "2021.05.31"]
[SourceQuality "1"]

1. d4 Nf6 2. c4 e6 3. Nc3 Bb4 4. e3 c5 5. Nge2 cxd4 6. exd4 d5 7. a3 Bxc3+ 8. Nxc3 0-0 9. cxd5 Nxd5 10. Bd3 Nc6 11. 0-0 Nf6 12. Be3 Ne7 13. Qf3 Ned5 14. h4 Bd7 15. Rac1 Bc6 16. Qh3 Re8 17. Bd2 Nxc3 18. Bxc3 Qd5 19. Rfe1 Qd6 20. Re5 Nd5 21. Bd2 Ne7 22. h5 Nd5 23. h6 g6 24. Qh4 f6 25. Ree1 Re7 26. Bc4 Rf8 27. Qg4 f5 28. Qh4 Ree8 29. Re5 Rf7 30. Rce1 b5 31. Bxd5 Bxd5 32. Bb4 Qc6 33. Qg5 Qc4 34. Bc5 a6 35. Qe3 Rd8 36. Qd2 Rfd7 37. b4 Be4 38. Rc1 Qb3 39. f3 Bd5 40. Re3 Qa4 41. Qf2 Bb3 42. Rcc3 Bd5 43. Re1 Kf7 44. Qe3 Rg8 45. Qg5 Rgd8 46. Bb6 Re8 47. Bc7 Rc8 48. Be5 Rxc3 49. Qf6+ Kg8 50. Qh8+ Kf7 51. Qxh7+ Ke8 52. Qg8+ Ke7 53. h7 Rd8 54. Qg7+ 1-0

[Event "Sachsen-Anhalt Verbandsliga 1920"]
[Site "Sachsen Anhalt"]
[Date "2020.10.18"]
[Round "9.8"]
[White "Mirschinka, Oliver"]
[Black "Ritter, Uwe"]
[Result "1/2-1/2"]
[WhiteElo "1722"]
[BlackElo "1741"]
[PlyCount "52"]
[EventDate "2019.09.29"]
[EventType "team-tourn"]
[EventRounds "9"]
[EventCountry "GER"]
[SourceTitle "EXT 2023"]
[Source "ChessBase"]
[SourceDate "2022.10.05"]
[SourceVersion "1"]
[SourceVersionDate "2022.10.05"]
[SourceQuality "1"]
[WhiteTeam "Dessau"]
[BlackTeam "Reideburg 90 Halle"]
[WhiteTeamCountry "GER"]
[BlackTeamCountry "GER"]

1. Nf3 e6 2. g3 d5 3. Bg2 f5 4. d4 Nf6 5. a3 Bd6 6. Nc3 c6 7. Bg5 Nbd7 8. Qc1 0-0 9. Bf4 Ne4 10. Bxd6 Nxd6 11. Ng5 Nf6 12. e3 Nfe4 13. Ncxe4 fxe4 14. f4 exf3 15. Nxf3 Qe7 16. 0-0 Nf7 17. Qd2 e5 18. e4 dxe4 19. Nxe5 Nxe5 20. Rxf8+ Qxf8 21. dxe5 Qc5+ 22. Kh1 Bf5 23. Qf4 Rf8 24. Bxe4 Bg6 25. Qg4 Qxe5 26. Bxg6 hxg6 1/2-1/2

[Event "Davos Summer op"]
[Site "Davos"]
[Date "2020.07.10"]
[Round "3"]
[White "Joller, Hans"]
[Black "Ritter, Uwe"]
[Result "1-0"]
[WhiteElo "1754"]
[BlackElo "1999"]
[PlyCount "91"]
[EventDate "2020.07.09"]
[EventType "swiss"]
[EventRounds "5"]
[EventCountry "SUI"]
[SourceTitle "CBM 197 Extra"]
[Source "ChessBase"]
[SourceDate "2020.09.30"]
[SourceVersion "1"]
[SourceVersionDate "2020.09.30"]
[SourceQuality "1"]

1. e4 e5 2. Nf3 Nc6 3. d4 exd4 4. c3 Nf6 5. e5 Nd5 6. Bc4 Nb6 7. Bb3 d5 8. cxd4 Bg4 9. Be3 Be7 10. Nc3 0-0 11. 0-0 f6 12. exf6 Rxf6 13. Ne4 Rf8 14. Ng3 Na5 15. Bc2 Nac4 16. Qd3 g6 17. Bh6 Rf7 18. Ne5 Nxe5 19. dxe5 Bg5 20. Bxg5 Qxg5 21. Qd4 Rf4 22. Qd2 Qxe5 23. Rfe1 Qd6 24. Bb3 Raf8 25. f3 Bd7 26. Rac1 Bc6 27. Ne4 Qd8 28. Nc5 Rh4 29. g3 Rh5 30. Ne6 Qf6 31. Nxf8 Qxf8 32. g4 Rh3 33. f4 Rh4 34. Bd1 Qd6 35. Qf2 Qd8 36. g5 Rh3 37. Bg4 Rd3 38. Qe2 Rd4 39. Be6+ Kf8 40. Qe5 Re4 41. Rxe4 dxe4 42. Bb3 Nd5 43. Qh8+ Ke7 44. Qxh7+ Kd6 45. Qxg6+ Ke7 46. Qxe4+ 1-0

[Event "Sachsen-Anhalt Verbandsliga 1920"]
[Site "Sachsen Anhalt"]
[Date "2019.12.08"]
[Round "4.8"]
[White "Ritter, Uwe"]
[Black "Neustadt, Ronald"]
[Result "1/2-1/2"]
[WhiteElo "1741"]
[BlackElo "1605"]
[PlyCount "66"]
[EventDate "2019.09.29"]
[EventType "team-tourn"]
[EventRounds "9"]
[EventCountry "GER"]
[SourceTitle "EXT 2023"]
[Source "ChessBase"]
[SourceDate "2022.10.05"]
[SourceVersion "1"]
[SourceVersionDate "2022.10.05"]
[SourceQuality "1"]
[WhiteTeam "Reideburg 90 Halle"]
[BlackTeam "Graefenhainichen"]
[WhiteTeamCountry "GER"]
[BlackTeamCountry "GER"]

1. f4 e6 2. Nf3 d5 3. e3 Nf6 4. b3 g6 5. Bb2 Bg7 6. Bb5+ Bd7 7. Bxd7+ Nbxd7 8. 0-0 0-0 9. Qe1 c5 10. d3 b5 11. Nbd2 Rc8 12. c4 Qb6 13. Qh4 bxc4 14. dxc4 Ne4 15. Bxg7 Kxg7 16. Nxe4 dxe4 17. Ng5 Nf6 18. Rfd1 Rfd8 19. Qe1 h6 20. Nh3 Ng4 21. Nf2 Nxf2 22. Kxf2 Rc6 23. Rxd8 Qxd8 24. Rd1 Rd6 25. Qc3+ f6 26. Rxd6 Qxd6 27. Ke2 Kf7 28. Qc2 f5 29. Qc3 g5 30. g3 Qd8 31. Qd2 Qxd2+ 32. Kxd2 e5 33. a3 exf4 1/2-1/2

[Event "Kiel op 30th"]
[Site "Kiel"]
[Date "2017.08.04"]
[Round "9.16"]
[White "Ritter, Uwe"]
[Black "Buchholz, Sebastian"]
[Result "0-1"]
[WhiteElo "2056"]
[BlackElo "2134"]
[PlyCount "104"]
[EventDate "2017.07.29"]
[EventType "swiss"]
[EventRounds "9"]
[EventCountry "GER"]
[SourceTitle "EXT 2018"]
[Source "ChessBase"]
[SourceDate "2017.10.13"]
[SourceVersion "1"]
[SourceVersionDate "2017.10.13"]
[SourceQuality "1"]

1. e4 c5 2. Nc3 a6 3. g3 b5 4. Bg2 Bb7 5. d3 e6 6. Nf3 d6 7. 0-0 Nf6 8. e5 dxe5 9. Nxe5 Bxg2 10. Kxg2 Bd6 11. Qf3 Ra7 12. Bf4 0-0 13. h4 Qc7 14. Rae1 Rd8 15. g4 b4 16. Nd1 Nd5 17. Bg3 Nc6 18. Nxc6 Qxc6 19. c4 Ne7 20. Qxc6 Nxc6 21. Bxd6 Rxd6 22. Re3 Rad7 23. b3 Rxd3 24. Rxd3 Rxd3 25. Nb2 Rd4 26. Kg3 Ne5 27. f3 Kf8 28. Na4 Nd7 29. a3 a5 30. axb4 axb4 31. Kf2 Ke7 32. Ke2 Kd6 33. Ra1 h5 34. gxh5 Rxh4 35. Rg1 Rxh5 36. Rxg7 Re5+ 37. Kd2 Rf5 38. Rg3 Ne5 39. Ke3 Nc6 40. Rg8 Nd4 41. Ke4 Nxb3 42. Rd8+ Kc7 43. Ra8 Nd2+ 44. Kd3 Nxf3 45. Ra7+ Kd6 46. Ke4 Nd2+ 47. Kd3 Nb3 48. Ke4 Rf1 49. Nb6 f5+ 50. Ke3 Nd4 51. Kd3 Rc1 52. Nc8+ Ke5 0-1

[Event "Kiel op 30th"]
[Site "Kiel"]
[Date "2017.07.30"]
[Round "3"]
[White "Ritter, Uwe"]
[Black "Saglam, Buelent"]
[Result "0-1"]
[WhiteElo "2056"]
[BlackElo "2076"]
[PlyCount "56"]
[EventDate "2017.07.29"]
[EventType "swiss"]
[EventRounds "9"]
[EventCountry "GER"]
[SourceTitle "EXT 2018"]
[Source "ChessBase"]
[SourceDate "2017.10.13"]
[SourceVersion "1"]
[SourceVersionDate "2017.10.13"]
[SourceQuality "1"]

1. e4 e6 2. d4 d5 3. Nd2 c5 4. exd5 exd5 5. Ngf3 Nf6 6. Bb5+ Bd7 7. Qe2+ Be7 8. Bxd7+ Nbxd7 9. dxc5 0-0 10. 0-0 Nxc5 11. Nb3 Re8 12. Bg5 Na4 13. Rab1 Nxb2 14. Qb5 Nc4 15. Qxb7 Ne4 16. Bf4 g5 17. Bg3 g4 18. Nfd4 Bf8 19. Rfd1 Nc3 20. Nc6 Qc8 21. Nbd4 Qxb7 22. Rxb7 Nxd1 23. h4 Re1+ 24. Kh2 Nd2 25. f3 Nf1+ 26. Kg1 Nxg3+ 27. Kh2 Nf1+ 28. Kg1 g3 0-1

[Event "Erfurt HT op 26th"]
[Site "Erfurt"]
[Date "2016.12.27"]
[Round "3"]
[White "Werner, Sebastian1"]
[Black "Ritter, Uwe"]
[Result "1/2-1/2"]
[WhiteElo "1881"]
[BlackElo "2035"]
[PlyCount "120"]
[EventDate "2016.12.26"]
[EventType "swiss"]
[EventRounds "8"]
[EventCountry "GER"]
[SourceTitle "EXT 2018"]
[Source "ChessBase"]
[SourceDate "2017.10.13"]
[SourceVersion "1"]
[SourceVersionDate "2017.10.13"]
[SourceQuality "1"]

1. e4 c5 2. Nc3 Nc6 3. g3 g6 4. Bg2 Bg7 5. Nge2 e5 6. 0-0 Nge7 7. d3 0-0 8. Bg5 f6 9. Be3 d6 10. f4 Nd4 11. Nd5 Nxd5 12. exd5 Bg4 13. Bxd4 cxd4 14. h3 Bd7 15. g4 Qb6 16. b3 Rac8 17. Qd2 Qc5 18. Rac1 f5 19. fxe5 dxe5 20. gxf5 gxf5 21. Kh1 Qd6 22. Ng1 Bh6 23. Qf2 Bxc1 24. Rxc1 e4 25. dxe4 fxe4 26. Qxd4 Qf4 27. Rf1 Qh4 28. Qxe4 Qxe4 29. Rxf8+ Rxf8 30. Bxe4 Rf2 31. Nf3 Bxh3 32. d6 Kf8 33. Ng5 Bg4 34. Bxb7 Rxc2 35. Nxh7+ Kg7 36. Ng5 Kf6 37. Ne4+ Ke5 38. Kg1 Bf3 39. d7 Rg2+ 40. Kf1 Rg8 41. Nc5 Kd6 42. Bxf3 Kxc5 43. Be2 Kc6 44. Bc4 Rf8+ 45. Ke2 Kxd7 46. a4 Kd6 47. Kd2 Kc5 48. Kc2 Kb4 49. Kd3 Rf2 50. Ke3 Rh2 51. Kd3 a5 52. Kd4 Rd2+ 53. Ke3 Kc3 54. Ke4 Rd7 55. Ke3 Re7+ 56. Kf4 Re8 57. Kf3 Kd4 58. Kf2 Re3 59. Bf7 Kd3 60. Bc4+ Kd2 1/2-1/2

[Event "Herne op 5th"]
[Site "Herne"]
[Date "2016.05.29"]
[Round "7"]
[White "Ritter, Uwe"]
[Black "Heinert, Eugen"]
[Result "0-1"]
[WhiteElo "2018"]
[BlackElo "2164"]
[PlyCount "128"]
[EventDate "2016.05.25"]
[EventType "swiss"]
[EventRounds "7"]
[EventCountry "GER"]
[SourceTitle "CBM 172 Extra"]
[Source "ChessBase"]
[SourceDate "2016.06.21"]
[SourceVersion "1"]
[SourceVersionDate "2016.06.21"]
[SourceQuality "1"]

1. Nf3 d5 2. d4 Nf6 3. c4 c6 4. Nc3 dxc4 5. e3 b5 6. a4 b4 7. Nb1 Ba6 8. Be2 e6 9. Ne5 c5 10. dxc5 Qxd1+ 11. Kxd1 Bxc5 12. Bxc4 Bb7 13. Ke2 Bd6 14. Nf3 Nc6 15. Rd1 Ke7 16. Nbd2 Rac8 17. b3 Ne5 18. Bb2 Nxc4 19. Nxc4 Ba6 20. Nfd2 Nd7 21. Bxg7 Rhg8 22. Bd4 Rxg2 23. Kf3 Rxh2 24. Nxd6 Kxd6 25. Bxa7 Ke7 26. Ne4 Ne5+ 27. Kg3 Rh5 28. Bc5+ Rxc5 29. Nxc5 Rg5+ 30. Kh3 Rh5+ 31. Kg3 Rg5+ 32. Kh3 Be2 33. f4 Rh5+ 34. Kg3 Bxd1 35. Rxd1 Nc4 36. Rd7+ Ke8 37. Rc7 Nxe3 38. a5 Kd8 39. Rc6 Nf5+ 40. Kg2 Nd4 41. Rd6+ Kc7 42. Rxd4 Rxc5 43. a6 Rc6 44. Rxb4 Rxa6 45. f5 e5 46. Rh4 h6 47. Kf3 Rd6 48. Ke3 Kd7 49. Re4 f6 50. Rh4 Rb6 51. b4 h5 52. Kd3 Kd6 53. Kc4 Rc6+ 54. Kb5 Rc1 55. Kb6 Kd5 56. b5 e4 57. Rxh5 e3 58. Rh2 Kd4 59. Ka7 Kd3 60. Rh3 Kd2 61. b6 Ra1+ 62. Kb8 e2 63. Rh2 Kd3 64. Rh3+ Kd4 0-1

[Event "Herne op 5th"]
[Site "Herne"]
[Date "2016.05.27"]
[Round "4"]
[White "Viebahn, Dirk"]
[Black "Ritter, Uwe"]
[Result "1/2-1/2"]
[WhiteElo "2165"]
[BlackElo "2018"]
[PlyCount "54"]
[EventDate "2016.05.25"]
[EventType "swiss"]
[EventRounds "7"]
[EventCountry "GER"]
[SourceTitle "CBM 172 Extra"]
[Source "ChessBase"]
[SourceDate "2016.06.21"]
[SourceVersion "1"]
[SourceVersionDate "2016.06.21"]
[SourceQuality "1"]

1. e4 c5 2. Nf3 Nc6 3. Bb5 g6 4. Bxc6 dxc6 5. d3 Bg7 6. h3 Nf6 7. Nc3 Nd7 8. 0-0 e5 9. Be3 Qe7 10. Qd2 Nf8 11. a3 Ne6 12. b4 Nd4 13. Bxd4 cxd4 14. Ne2 0-0 15. c3 dxc3 16. Qxc3 Rd8 17. Rfd1 a5 18. bxa5 Qc7 19. d4 exd4 20. Nexd4 Rxa5 21. Qb3 Re8 22. Rac1 Qe7 23. Qb4 Qxb4 24. axb4 Ra4 25. b5 Bxd4 26. Nxd4 Rxe4 27. Nf3 Be6 1/2-1/2

[Event "Hamburg HSK Christmas op 1st"]
[Site "Hamburg"]
[Date "2015.12.28"]
[Round "4"]
[White "Ritter, Uwe"]
[Black "Mueller Glewe, Martin"]
[Result "1-0"]
[WhiteElo "2005"]
[BlackElo "1810"]
[PlyCount "81"]
[EventDate "2015.12.27"]
[EventType "swiss"]
[EventRounds "7"]
[EventCountry "GER"]
[SourceTitle "EXT 2022"]
[Source "ChessBase"]
[SourceDate "2021.10.06"]
[SourceVersion "1"]
[SourceVersionDate "2021.10.06"]
[SourceQuality "1"]

1. e4 d5 2. exd5 Nf6 3. Nf3 Nxd5 4. d4 Bg4 5. h3 Bh5 6. Be2 e6 7. 0-0 Bd6 8. Ne5 Bxe2 9. Qxe2 0-0 10. c4 Nf6 11. Nc3 c6 12. Bg5 Be7 13. Rad1 Nbd7 14. f4 Nxe5 15. fxe5 Nd7 16. Bxe7 Qxe7 17. Ne4 Rad8 18. Rd3 f6 19. exf6 Nxf6 20. Ng5 e5 21. Re3 e4 22. Nxe4 Nxe4 23. Rxf8+ Rxf8 24. Rxe4 Qf6 25. b3 h6 26. d5 cxd5 27. cxd5 Qa1+ 28. Kh2 Qf1 29. Qxf1 Rxf1 30. Re8+ Kh7 31. Re7 Rf2 32. a3 Ra2 33. Rxb7 Rxa3 34. d6 Ra1 35. d7 Rd1 36. Rxa7 Kg6 37. b4 Kf6 38. b5 Ke7 39. b6 Kd8 40. Ra8+ Kxd7 41. b7 1-0

[Event "Lugano New op-B 8th"]
[Site "Lugano"]
[Date "2015.04.05"]
[Round "4"]
[White "Todeschini, Gabriele"]
[Black "Ritter, Uwe"]
[Result "0-1"]
[WhiteElo "1868"]
[BlackElo "1928"]
[PlyCount "135"]
[EventDate "2015.04.03"]
[EventType "swiss"]
[EventRounds "6"]
[EventCountry "SUI"]
[SourceTitle "CBM 165 Extra"]
[Source "ChessBase"]
[SourceDate "2015.04.21"]
[SourceVersion "1"]
[SourceVersionDate "2015.04.21"]
[SourceQuality "1"]

1. e4 e5 2. Nf3 Nc6 3. d4 exd4 4. Bc4 Bc5 5. c3 Nf6 6. cxd4 Bb4+ 7. Bd2 Nxe4 8. Bxb4 Nxb4 9. Bxf7+ Kxf7 10. Qb3+ Kf8 11. Qxb4+ Qe7 12. Qxe7+ Kxe7 13. 0-0 Kd8 14. Nc3 Nxc3 15. bxc3 Rf8 16. Rfe1 d6 17. Re3 Re8 18. Rae1 Rxe3 19. Rxe3 Bf5 20. Nd2 Kd7 21. f3 a5 22. a3 Ra6 23. g4 Be6 24. c4 Rb6 25. d5 Bf7 26. Kf2 Rb2 27. Ke2 b5 28. Kd1 bxc4 29. Nxc4 Rb5 30. h4 Rxd5+ 31. Nd2 Rd4 32. Kc2 h5 33. Re4 Bg6 34. Kc3 Rxe4 35. fxe4 hxg4 36. Kd4 c5+ 37. Ke3 Bf7 38. Nf1 Kc6 39. Ng3 d5 40. exd5+ Kxd5 41. Nf5 Ke5 42. Ng3 Bd5 43. Ne2 c4 44. Ng3 g6 45. Ne2 Be4 46. Nc3 Bf3 47. Nb5 Bc6 48. Nd4 Bd5 49. Ne2 Bc6 50. Nd4 Ba4 51. Ne2 Bc2 52. Nd4 Bd1 53. Nc6+ Kd6 54. Nd4 g3 55. Nb5+ Kc5 56. Nc3 g2 57. Ne4+ Kc6 58. Kf2 Bf3 59. Nd2 Bd5 60. Nb1 Kc5 61. Nc3 Bc6 62. Ne2 Be4 63. Nc3 Kd4 64. Ne2+ Kd3 65. Nf4+ Kd2 66. Ne2 c3 67. Nd4 c2 68. Nb3+ 0-1

[Event "GER T127-C45-E email"]
[Site "GER email"]
[Date "2014.??.??"]
[Round "?"]
[White "Ritter, Uwe"]
[Black "Wittenberg, Gerd"]
[Result "0-1"]
[WhiteElo "2197"]
[BlackElo "1918"]
[PlyCount "70"]
[EventDate "2014.??.??"]
[EventType "tourn (corr)"]
[EventRounds "6"]
[EventCountry "GER"]
[SourceTitle "Corr 2015"]
[Source "ChessBase"]
[SourceDate "2015.07.17"]
[SourceVersion "1"]
[SourceVersionDate "2015.07.17"]
[SourceQuality "1"]

1. e4 e5 2. Nf3 Nc6 3. d4 exd4 4. Nxd4 Bc5 5. Nb3 Bb6 6. a4 a6 7. Nc3 Nf6 8. Bg5 d6 9. Qe2 h6 10. Bh4 0-0 11. a5 Ba7 12. 0-0-0 Re8 13. Bxf6 Qxf6 14. Nd5 Qd8 15. Kb1 Be6 16. Qd2 Ne5 17. f3 c6 18. Nf4 Bxb3 19. cxb3 Qf6 20. Be2 Rad8 21. h4 d5 22. exd5 Bf2 23. Ka2 g6 24. d6 Bg3 25. Nh3 c5 26. h5 Nc6 27. f4 Re6 28. d7 Nb4+ 29. Ka3 Re3 30. hxg6 Qxg6 31. Rc1 Qe6 32. Rc3 Rxd7 33. Rxe3 Rxd2 34. Rxe6 fxe6 35. Bg4 Be1 0-1

[Event "Lingen op 4th"]
[Site "Lingen"]
[Date "2012.07.21"]
[Round "3"]
[White "Maas, Joop"]
[Black "Ritter, Uwe"]
[Result "1/2-1/2"]
[WhiteElo "1888"]
[BlackElo "2032"]
[PlyCount "129"]
[EventDate "2012.07.20"]
[EventType "swiss"]
[EventRounds "5"]
[EventCountry "GER"]
[SourceTitle "EXT 2013"]
[Source "ChessBase"]
[SourceDate "2012.11.22"]
[SourceVersion "1"]
[SourceVersionDate "2012.11.22"]
[SourceQuality "1"]

1. d4 Nf6 2. Nf3 d5 3. Bg5 Ne4 4. Bf4 c5 5. e3 Qa5+ 6. c3 Qb6 7. Qb3 c4 8. Qxb6 axb6 9. Nbd2 Nxd2 10. Nxd2 Nc6 11. e4 e6 12. Be2 b5 13. 0-0 b4 14. Bf3 Ra5 15. Rfe1 Be7 16. exd5 exd5 17. Bd6 Be6 18. Bxe7 Kxe7 19. a3 Rha8 20. Rab1 bxa3 21. bxa3 R8a7 22. Rb2 Kd6 23. Nb1 Bf5 24. h3 Bxb1 25. Rexb1 Rxa3 26. Rb5 R3a5 27. Bxd5 Rxb5 28. Rxb5 Ra1+ 29. Kh2 Rc1 30. Bxc4 Rxc3 31. Bxf7 Nxd4 32. Rd5+ Ke7 33. Rxd4 Kxf7 34. Rd7+ Kf6 35. Rxb7 Ra3 36. Rb5 Rc3 37. f3 Ra3 38. Kg3 Ra2 39. h4 g6 40. Kh3 Ra3 41. Kg4 h5+ 42. Kg3 Ra2 43. Rb4 Rc2 44. Kh3 Rc3 45. Rf4+ Kg7 46. g4 hxg4+ 47. Kxg4 Rc5 48. Re4 Ra5 49. f4 Rb5 50. Re5 Rb2 51. h5 gxh5+ 52. Rxh5 Rb6 53. Rc5 Kf6 54. Rh5 Kf7 55. f5 Rb1 56. Rh4 Rb4+ 57. Kg5 Rxh4 58. Kxh4 Kf6 59. Kg4 Kf7 60. Kg5 Kg7 61. f6+ Kf7 62. Kf5 Kf8 63. Ke6 Ke8 64. f7+ Kf8 65. Kf6 1/2-1/2